| 000 | 01221cam a22002775a 4500 | ||
|---|---|---|---|
| 005 | 20131028053403.0 | ||
| 008 | 081118s2008 gw a b 000 0 eng d | ||
| 020 | _a9783708305189 | ||
| 020 | _a9783830515302 | ||
| 020 | _a9789050957885 | ||
| 041 | 0 | _aeng | |
| 245 | 0 | 0 |
_aWe change Europe! : the European Initiative, Art 11.4 TEU (n.v) / Treaty of Lisbon / _cedited by Johannes W. Pichler. |
| 260 |
_aBerlin : _bBWV Berliner Wissenschafts-Verlag ; _aMortsel, Belgium : _bIntersentia ; _aWien : _bNeuer Wissenschaftlicher Verlag, _cc2008. |
||
| 300 |
_a472 p. : _bill. ; _c22 cm. |
||
| 490 | 1 |
_aPublications of legal policy ; _vv. 28 = _aSchriften zur Rechtspolitik ; _v28 |
|
| 500 | _aPreface : f. 9-15 | ||
| 504 | _aIncludes bibliographical references. | ||
| 630 | 0 | 0 |
_aTreaty on European Union _d(1992). _kProtocols, etc., _d2007 December 13. |
| 650 | 0 |
_aParticipimi politik _zVendet e Unionit Europian |
|
| 650 | 0 |
_aDemokracia _zVendet e Unionit Europian |
|
| 651 | 0 |
_aEuropean Union countries _xPolitika dhe qeverisja |
|
| 700 | 1 | _aPichler, Johannes W. | |
| 830 | 0 |
_aSchriften zur Rechtspolitik ; _vBd. 28. |
|
| 856 | 4 | 1 |
_3Table of contents only _uhttp://www.loc.gov/catdir/toc/fy0903/2008485215.html |
| 942 |
_2udc _cBK |
||
| 999 |
_c157 _d157 |
||